000 00369nam a22001457a 4500
008 230228b |||||||| |||| 00| 0 eng d
020 _a978-0-330-51050-9
082 _a863.64
100 _aRoberto Bolano
245 _aNazi Literature in the Americas
260 _bPicador,
_c2010
300 _a259 p.
_c22 cm
942 _2ddc
999 _c9369
_d9370